[Event "Hoogeveen Essent op"]
[Site "Hoogeveen"]
[Date "2004.10.21"]
[Round "7"]
[White "Erenburg, Sergey"]
[Black "Jonkman, Harmen"]
[Result "1-0"]
[WhiteElo "2537"]
[BlackElo "2417"]
[Annotator "Erenburg,S"]
[PlyCount "53"]
[EventDate "2004.10.15"]
[EventType "swiss"]
[EventRounds "9"]
[EventCountry "NED"]
[SourceTitle "CBM 102 Extra"]
[Source "ChessBase"]
[SourceDate "2004.11.03"]
[SourceVersion "1"]
[SourceVersionDate "2004.11.03"]
[SourceQuality "1"]

{[%mdl 18440]} 1. e4 e5 2. Nf3 Nc6 3. Bb5 Nf6 4. O-O Nxe4 5. d4 Nd6 6. Bxc6
dxc6 7. dxe5 Nf5 8. Qxd8+ Kxd8 9. Nc3 Be7 {Berlin defence is very fashionable
nowadays. The continuation in the game became one of the most popular lines...}
10. h3 {White doesn't want to define the position of his kingside rook at this
stage. Maybe I'll need it on e1, or even on f1. More popular is} (10. Rd1+ Ke8
11. Bg5 {1-0 Anand,V-Ponomariov,R/Linares 2003/CBM 94/[Stohl] (64)}) 10... h5
$146 {preventing white's g2-g4. On the other hand, black weakens the g5 square.
In the previous games black tried:} (10... Be6 11. Bg5 Bxg5 12. Nxg5 Ke7 13.
Rad1 Bc4 14. Rfe1 h6 15. Nf3 g5 $5 16. g4 Ng7 17. Nd4 Be6 18. Ne4 Rad8 19. Ng3
c5 $5 20. Ndf5+ Bxf5 21. gxf5 f6 $1 $11 {Polgar,J-Ponomariov,R/Benidorm 5'
plof/2002/}) (10... Ke8 11. Rd1 Bd7 12. g4 Nh4 13. Nxh4 Bxh4 14. Kg2 Rd8 15.
Be3 b6 16. f3 Be6 17. a4 a5 18. b3 c5 19. Nb5 Rd7 20. c4 Kd8 21. Rxd7+ Kxd7 22.
Rd1+ Kc8 23. Nc3 $14 {1-0 Korneev,O-Jonkman,H/Catalan Bay 2003/CBM 92 ext (55)}
) 11. Bg5 {The most logical reaction against last black's move. White is
willing to occupy the dark squares on the kingside with the knights.} Bxg5 ({
Maybe black shouldn't have hurried with the capture on g5:} 11... Be6 12. Rad1+
Ke8 13. Rd2 $14 {[%cal Yf1d1]}) 12. Nxg5 Ke7 13. Ne2 $1 {transfering the
knight to f4 and covering the d4 square, that can make possible the
breakthrough g2-g4.} h4 $6 {Logical decision to freeze white's kingside pawns,
but, it allows white to open up the game.} ({I would recommend} 13... Rd8 14.
Nf4 h4 15. Rfd1 Be6 {and black's chances to equalize are not so bad.}) {
[%tqu "En","Please find the best move for white.","","","g2g4","",10]} 14. g4
$1 {Strong continuation, which opens the "f" file for the rooks. Other moves
don't promise white anything special:} (14. Rfd1 Be6 $14 {/=}) (14. Nf4 Rd8 $14
{/=} (14... Nd4 $5)) 14... hxg3 (14... Nh6 {is too passive.} 15. f4 $16 {
In this case, black's knight is absolutely out of the game.}) 15. fxg3 Be6 {
The only move to defend the f7 pawn. Black cannot win the h3 pawn:} (15... f6
16. Nf4 $1 $16 {[%cal Yf4g6]} (16. exf6+ $5 gxf6 17. Nf4 $1 $16 {[%cal Ya1e1,
Gf4g6]})) 16. Rf2 $1 {Simple and strong. White adds another rook to create
more serious pressure along the "f" file, as well as he threats with g3-g4.} ({
Worse is} 16. g4 {, in view of} Ne3 17. Rf2 Nxc2 18. Raf1 Bxa2 $13 19. Rxf7+
Bxf7 20. Rxf7+ Ke8 21. Rxg7 Rd8 {and black keeps some chances...}) 16... Rad8 (
{Black doesn't succeed to equalize after} 16... Rhd8 17. g4 Ne3 18. Nf4 Rd1+
19. Rxd1 Nxd1 20. Rf3 Bxa2 21. b3 Bb1 22. e6 $1 $18 {[%cal Ye6f7,Yf4g6,Gg5f7]})
17. g4 {Now it is the right moment to use brilliant location of white pieces!}
(17. Nf4 {was strong enough as well:} Nxg3 (17... Rhg8 18. g4 Nh6 19. Ngxe6
fxe6 20. Ng6+ $16) 18. Ngxe6 fxe6 19. Ng6+ Kd7 20. Rf7+ Kc8 21. Nxh8 $18) 17...
Ne3 ({Doesn't change the evaluation of position:} 17... Nd4 18. Nf4 Bc4 19. e6
$1 Nxe6 20. Re1 $1 $18 {[%cal Gb2b3,Yf4e6,Yg5e6,Yg5f7,Ge1e6,Gf2f7]}) 18. Nf4
$18 {Now black is hopeless against white's pieces activity. White is going to
invade into the black camp through the f7 square.} Rhg8 {protecting the g7
pawn.} (18... Rh6 19. Nfxe6 fxe6 20. Rf7+ $18) 19. Nfxe6 fxe6 20. Rf7+ ({Maybe
} 20. Re1 $1 {was even exacter:} Nd5 21. c4 $18) 20... Ke8 21. Rxc7 Rd7 22.
Rc8+ Rd8 23. Rxd8+ Kxd8 24. Nxe6+ $2 {Inaccuracy, that gives black some
chances to survive...} ({Much better was} 24. Re1 $1 Nxc2 25. Rf1 $1 {[%cal
Yf1f7]} Re8 26. Rf7 Re7 27. Rxg7 Nb4 28. Rg8+ Kc7 29. h4 $18 {and white's
kingside pawns are unstoppable.}) 24... Ke7 25. Nd4 Rh8 $2 {missing his last
chance:} (25... Rd8 $1 26. c3 (26. Nf5+ Nxf5 27. gxf5 Rd2 28. Rf1 Rxc2 29. Rf2
Rc1+ 30. Kg2 Re1 31. e6 Kf6 {and black's chances for a draw are not bad at all.
}) 26... c5 27. Nf3 (27. Nf5+ Nxf5 28. gxf5 Rd2 $16) 27... Rd1+ 28. Rxd1 Nxd1
$16 {/+-}) 26. Re1 $1 Nd5 (26... c5 {is met by} 27. Nc6+ $1 $18 ({But not} 27.
Rxe3 cxd4 28. Rb3 b6 {and black is still alive.})) (26... Rxh3 27. Rxe3 Rxe3
28. Nf5+ $18) 27. Nf5+ {White is two pawns up in absolutely winning endgame.} (
27. Nf5+ Kf7 28. e6+ Kf6 29. e7 Re8 30. c4 Nf4 31. Nd6 Rxe7 32. g5+ $18) 1-0

[Event "NED-ch47"]
[Site "Eindhoven"]
[Date "1992.03.20"]
[Round "4"]
[White "Nijboer, Friso"]
[Black "Cifuentes Parada, Roberto"]
[Result "1-0"]
[WhiteElo "2455"]
[BlackElo "2540"]
[Annotator "Ernst,T"]
[PlyCount "101"]
[EventDate "1992.03.17"]
[EventType "tourn"]
[EventRounds "11"]
[EventCountry "NED"]
[EventCategory "10"]
[SourceTitle "CBM 030"]
[Source "ChessBase"]
[SourceDate "1992.10.01"]
[SourceVersion "1"]
[SourceVersionDate "1992.10.01"]
[SourceQuality "1"]

1. e4 e5 2. Nf3 Nc6 3. Bb5 Nf6 4. O-O Nxe4 5. d4 Nd6 6. Bxc6 dxc6 7. dxe5 Nf5
8. Qxd8+ Kxd8 9. Nc3 Ke8 (9... Be6 10. b3 h6 11. Bb2 Bb4 12. h3 a5 13. Rad1+
Kc8 14. Ne2 a4 15. Nf4 Bc5 $1 {De Firmian - Hort, Biel 1989.} 16. Nxe6 $1 fxe6
17. g4 Ne7 18. Bd4 b6 $10) (9... Be6 10. b3 h6 11. Bb2 b6 12. Ne2 Bc5 13. Nd2 {
13.Sf4!} Kc8 14. Ne4 Be7 15. Nf4 h5 16. Rfd1 Kb7 17. Kf1 a5 18. Nxe6 $10 {
Tal,M-Kortschnoj,V/Reykjavik/1988/}) (9... h6 10. b3 Be6 11. Bb2 Kc8 12. Ne2 c5
13. Nf4 b6 14. Rad1 g5 15. Nxe6 fxe6 {Kindermann - Smejkal, München 1988.} 16.
g4 $5 Ne7 17. h4 gxh4 18. Nxh4 Rg8 19. f3 h5 20. Ng2 Kb7 21. gxh5 Nf5 22. Kf2
$14) 10. b3 h5 11. Ne2 (11. Rd1 Be7 12. Bg5 Nh6 $1 13. h3 Bf5 14. Bxe7 Kxe7 15.
Nd4 Rad8 16. Rd2 Bg6 17. Rad1 h4 18. b4 $1 $14 {Karpov - Miles, Biel 1990.})
11... Be7 12. Bg5 h4 13. h3 Be6 14. c4 Rd8 15. Rfd1 Rxd1+ 16. Rxd1 Bxg5 17.
Nxg5 Rh5 18. Nf3 Ke7 19. Nf4 Rh8 20. Ng5 Re8 21. Ngxe6 fxe6 22. Kf1 $16 c5 23.
Ke2 a5 24. Kf3 a4 25. Kg4 axb3 26. axb3 Ra8 27. Ng6+ Ke8 28. Nxh4 Nd4 29. Rb1
Ra2 30. f4 Rc2 31. Kh5 Kf7 32. Ra1 Rf2 (32... Nxb3 33. Ra7 $36) 33. Kg5 Nf5 34.
Nxf5 Rxg2+ 35. Kh4 exf5 36. Ra7 g5+ 37. fxg5 f4 38. Rxb7 f3 39. Rxc7+ Ke6 40.
Rc6+ Kxe5 41. Rf6 Ke4 (41... f2 42. Kh5 Ke4 43. g6 Ke3 44. h4 Ke2 45. Kh6 f1=Q
46. Rxf1 Kxf1 47. h5 $18) 42. Kh5 f2 43. h4 Ke3 44. g6 Rg3 45. Rxf2 Kxf2 46.
Kh6 Ke3 47. g7 Kd4 48. h5 Kc3 49. Kh7 Kxb3 50. g8=Q Rxg8 51. Kxg8 1-0

[Event "Sinquefield Cup 6th"]
[Site "Saint Louis"]
[Date "2018.08.26"]
[Round "8"]
[White "Vachier Lagrave, Maxime"]
[Black "Aronian, Levon"]
[Result "1/2-1/2"]
[WhiteElo "2779"]
[BlackElo "2767"]
[Annotator "Fernandez,D"]
[PlyCount "82"]
[EventDate "2018.08.18"]
[EventType "tourn"]
[EventRounds "9"]
[EventCountry "USA"]
[EventCategory "22"]
[SourceTitle "CBM 186"]
[Source "ChessBase"]
[SourceDate "2018.09.14"]
[SourceVersion "1"]
[SourceVersionDate "2018.09.14"]
[SourceQuality "1"]

1. e4 e5 2. Nf3 Nc6 3. Bb5 Nf6 4. O-O Nxe4 5. d4 Nd6 6. Bxc6 dxc6 7. dxe5 Nf5
8. Qxd8+ Kxd8 9. Rd1+ Ke8 10. Nc3 Be7 11. Ne2 $5 {I will hold my hands up and
admit I don't know much about the Berlin, but it seems obvious to me that this
move is not a critical one.} (11. Bg5 {is a move I'd seen before.} h6 $1 (11...
Bxg5 12. Nxg5 h6 (12... Ke7 $5 {Anand,V-Ponomariov,R Linares 2003}) 13. Nge4 g5
$5 (13... b6 $11) 14. b4 a6 (14... Ke7 15. b5 Be6 $1 $11 {is strategically
brave, but then so is the whole opening, and only Black can be better here.})
15. a4 Ke7 16. a5 Nh4 17. Nc5 $14 {Vachier Lagrave,M-Eljanov,P Biel 2015;
White had achieved his bind, which later became quite a significant advantage.}
) 12. Bxe7 Nxe7 13. Nd4 Bd7 (13... Nf5 $11) 14. Rd3 Rd8 15. Rad1 Nd5 16. Ne4 (
16. Nxd5 cxd5 17. Nb3 $14) 16... Nf4 17. R3d2 Ke7 18. f3 Bc8 19. Kf2 $14 {
Gashimov, V-Nielsen,P Khanty-Mansiysk 2011}) 11... Nh4 (11... b6 {and ...Ba6
also seems logical, notwithstanding that certain classic games have given
Black a phobia of the move e6 from White.} 12. Nf4 h5 $1 (12... Rg8 13. a4 g5
14. Nh5 h6 15. b3 Rg6 16. Bb2 c5 17. Nf6+ Kf8 18. a5 $14 {Bruzon Batista,
L-Anton Guijarro,D Tbilisi 2017; was indeed something for White.}) 13. b3 g5
14. Ne2 Rg8 $11) 12. Nxh4 Bxh4 13. Nd4 a6 $1 $11 {Black is preparing ...c5,
and there is little chance of White's majority becoming particularly useful in
this game. Indeed, he proceeds to slide into a marginally worse position, as
quite often with the Berlin.} 14. Bf4 c5 15. Ne2 Bf5 16. c4 Rd8 17. Nc3 Rd7 18.
Be3 (18. Rxd7 Kxd7 19. Rd1+ Kc6 $15 {is vintage Berlin stuff.}) 18... b6 19.
Nd5 Kd8 (19... a5 $5 {fights for an advantage; Black never actually wants to
play ...c6, but he would like White to believe that he might.}) 20. g3 Be7 21.
a3 $6 (21. f3 {makes sense, patching the light-squared holes first.}) 21... Bc2
(21... Bg4 22. Rd2 Bf3 {is almost certainly something for Black (whose next
idea could be ... Re8, ...Bf8.)} 23. b4 b5 $5 24. Nxe7 Rxd2 25. Bxd2 Kxe7 26.
cxb5 axb5 27. bxc5 Ke6 $15) 22. Rd2 Bb3 {This is also maximalist, but not
quite as strong as the idea in the previous note.} 23. Rc1 a5 24. Rc3 a4 25. e6
$1 {White has to bail out, because he's getting tied up.} (25. Bf4 h6 $1 $15)
25... fxe6 26. Nxe7 Kxe7 27. Bg5+ Ke8 28. Rcd3 Rxd3 29. Rxd3 $11 {The exchange
of rooks is forced if White wants it, and Black has too many pawns on dark
squares to think about using his majority.} Rf8 30. Rd8+ Kf7 31. Rxf8+ Kxf8 32.
Bd8 Bxc4 33. Bxc7 b5 34. Bd6+ Kf7 35. Bxc5 e5 36. f3 Bd5 37. Kf2 g6 38. Bb4 Bc6
39. Bc5 Bd5 40. Bb4 Bc6 41. Bc5 Bb7 1/2-1/2

[Event "Tata Steel-A 76th"]
[Site "Wijk aan Zee"]
[Date "2014.01.17"]
[Round "5"]
[White "Naiditsch, Arkadij"]
[Black "Aronian, Levon"]
[Result "0-1"]
[WhiteElo "2718"]
[BlackElo "2812"]
[Annotator "Ftacnik,L"]
[PlyCount "114"]
[EventDate "2014.01.11"]
[EventType "tourn"]
[EventRounds "11"]
[EventCountry "NED"]
[EventCategory "20"]
[SourceTitle "CBM 159"]
[Source "ChessBase"]
[SourceDate "2014.03.17"]
[SourceVersion "1"]
[SourceVersionDate "2014.03.17"]
[SourceQuality "1"]

1. e4 e5 2. Nf3 Nc6 3. Bb5 Nf6 4. O-O Nxe4 5. d4 Nd6 6. dxe5 {Naiditsch
deserves full credit for his willingness to fight against the Berlin Defence
with something more colourful than the pale line 5.Re1 Nd6 6.Nxe5.} Nxb5 7. a4
Nbd4 8. Nxd4 d6 9. exd6 {The immediate exchange of the knights on c6 creates
conditions for the speedy mobilisation of the black bishops. White players
have been unable to prove any advantage in tournament praxis.} (9. Nxc6 bxc6
10. Qf3 (10. Qh5 Be7 11. Rd1 O-O 12. Ra3 Qd7 13. Rc3 c5 14. b3 Qg4 15. Qxg4
Bxg4 16. f3 Be6 17. Ba3 Rfd8 18. Kf2 Rab8 19. Ke2 $11 {0-1 (33) Polzin,R (2514)
-Sargissian,G (2610) Germany 2006}) 10... dxe5 11. Qxc6+ (11. Rd1 Bd7 12. Qg3
Qf6 13. f4 Bc5+ 14. Kh1 e4 15. Be3 Bxe3 16. Qxe3 Qe7 17. Rd4 f5 18. Nd2 Be6 19.
Nf1 O-O 20. Qc3 c5 $15 {1/2 (46) Fernandez Cardoso,A (2463)-Quesada Perez,Y 
(2486) Santa Clara 2014}) 11... Bd7 12. Qe4 Bd6 13. f4 O-O 14. fxe5 Qe7 15. Bf4
Rab8 16. Kh1 (16. Nd2 Bc5+ 17. Kh1 Rb4 18. Qd3 Rxa4 19. Rxa4 Bxa4 20. Ne4 $16 {
1-0 (30) Guseinov,G (2573)-Pashikian,A (2461) Iran 2005}) 16... Bc5 17. b3 Rb4
18. Qe1 Bf5 19. Nc3 Qe6 20. Rc1 Rd8 21. Be3 Qxe5 $11 {1-0 (35) Petrosian,T 
(2599)-Minasian,A (2510) Yerevan 2005}) 9... Bxd6 {A true contribution by
Aronian, who is obliged to look in any line for playable positions. Black is
coming close to equality even after exchange of the knight on d4, but in that
case the first player has firm control of the initiative.} (9... Nxd4 10. Qxd4
Qxd6 11. Qe4+ (11. Qe3+ Be6 12. Nc3 a6 13. Rd1 Qc5 (13... Qc6 14. Rd3 Be7 15.
Nb5 O-O 16. Nd4 Qd5 17. Nxe6 Qxe6 18. Qxe6 fxe6 19. Be3 Bf6 20. c3 Rfd8 21.
Rad1 Rxd3 22. Rxd3 Rd8 23. Rxd8+ Bxd8 $11 {1/2 (35) Jones,G (2635)-Fressinet,L
(2693) Plovdiv 2012}) 14. Qf4 Rc8 15. Be3 Qc6 16. Qg3 f6 17. Ne2 Bd6 18. Bf4
Bxf4 19. Qxf4 O-O 20. Nd4 Qd7 21. Nxe6 Qxe6 $11 {1/2 (34) Filippov,A (2630)
-Romanov,E (2651) Tromsoe 2013}) 11... Qe6 12. Qd4 (12. Qf3 Bd6 13. Bf4 O-O 14.
Bxd6 Qxd6 15. Nc3 c6 16. Rad1 Qg6 17. Rd2 Bf5 18. Qd1 Rfe8 19. Ne2 Qg5 20. Ng3
Rad8 21. Rxd8 Rxd8 $11 {1/2 (47) Plat,V (2470)-Babula,V (2584) Brno 2013})
12... Qd6 13. Qe4+ Qe6 14. Qd4 {1/2 (14) Carlsson,P (2433)-Khenkin,I (2602)
Malmo 2006}) 10. Re1+ Be7 (10... Ne7 11. Nb5 Be6 12. N1c3 O-O 13. Nxd6 cxd6 14.
Bf4 Nf5 15. a5 Qd7 16. Ne4 Qc6 17. Qd3 h6 18. a6 d5 19. axb7 Qxb7 20. Nd6 Nxd6
21. Bxd6 Rfe8 22. Be5 $14 {1/2 (30) Huebner,R (2581)-Karpov,A (2616) Potsdam
2012}) 11. Nxc6 {Creating damage to the pawn structure is certainly bit more
ambitious than playing on in the symmetrical position without a bishop pair.} (
11. Bg5 f6 12. Be3 Nxd4 (12... Ne5 13. Qh5+ g6 14. Qe2 O-O 15. Nc3 Bg4 16. f3
Bd7 17. Rad1 Rf7 18. Bf4 Bd6 19. Ncb5 Qf8 20. Nxd6 Qxd6 21. Bxe5 fxe5 22. Nb5
Qb6+ 23. Qe3 $11 {1/2 (52) Burg,T (2479)-Georgiev,K (2636) Benasque 2013}) 13.
Bxd4 O-O 14. Qd3 Kh8 15. Qc4 Bf5 16. Bc5 Re8 17. Na3 {1/2 (17) Gopal,G (2611)
-Pashikian,A (2630) Martuni 2010}) 11... Qxd1 12. Rxd1 bxc6 13. Be3 (13. Bf4
Bf5 14. Na3 Rc8 15. Re1 Be6 16. Re4 g5 17. Be5 Rg8 18. b3 Rg6 19. Nc4 f5 20.
Re2 Bxc4 21. bxc4 Re6 22. Kf1 Kf7 23. Re3 {1/2 (23) Njili,K (2390)-Petkov,V 
(2567) Bejaia 2012}) 13... Bf5 14. Re1 O-O-O 15. Na3 Rhe8 16. Bxa7 Bxa3 {
Aronian has centralised all his pieces and thus could have even played on
without a pawn. The risk involved would have been a bit higher and thus the
transfer to the equal ending with opposite coloured bishops.} (16... Bf6 17. c3
Rxe1+ 18. Rxe1 Kb7 19. Bc5 Rd5 20. Bf8 Be6 $11) 17. Rxe8 Rxe8 18. bxa3 Re4 {
[%mdl 4096] A very subtle indication, that Black is a true master of the game.
Elimination of the c-pawn would not enable him to dream about complicating
matters and getting a position with chances.} (18... Bxc2 19. a5 Kb7 20. Bd4 g6
21. f3 $11) 19. c3 (19. a5 Ra4 20. Bc5 Rxa5 21. Bb4 Rd5 $11) 19... Rxa4 20. Bd4
g6 (20... f6 21. Bc5 Rc4 22. Bf8 g6 23. f3 Rxc3 24. Bg7 $11) 21. f3 Kd7 22. Kf2
Kd6 23. h3 c5 24. Bf6 Kd5 25. g4 Be6 {Black continues to combine safety with
the ambition to keep the chances for fighting alive. Naiditsch would have an
easy task after seemingly more active 25...Bd3.} (25... Bd3 26. Rd1 Kc4 27. Re1
Ra6 28. g5 Bf5 29. Re7 Be6 30. Rxc7 Rxa3 31. Rxc5+ Kxc5 32. Be7+ Kc4 33. Bxa3
$11) 26. Kg3 Kc4 27. Kh4 Bd5 28. f4 Ra6 29. Bg7 Re6 (29... f6 30. g5 f5 31. a4
Be4 32. Be5 $11) 30. a4 f6 31. a5 {White is definitely still staying in his
comfort zone, but he might have also considered advance of the f-pawn with
more simplifications.} (31. f5 gxf5 32. gxf5 Ra6 33. Ra3 Kd3 34. Bf8 Be4 35.
Bxc5 Kc4 36. Bf2 Bxf5 37. a5 $11) 31... g5+ $1 32. Kh5 (32. fxg5 fxg5+ 33. Kh5
Rg6 34. Bh6 Kxc3 35. Bxg5 Kb2 36. Rd1 Be4 37. Bf4 $11) 32... gxf4 {Aronian's
creative efforts have lead to the position, in which the tension is still
suprisingly high.} (32... Re3 33. h4 gxf4 34. Ra4+ Kxc3 35. Rxf4 Kb3 36. a6 c4
37. Rf5 $11) 33. Ra4+ Kxc3 34. Rxf4 Kb3 35. Rxf6 (35. Rf5 $1 c6 36. a6 Re7 37.
Bxf6 Ra7 38. Re5 Rxa6 39. Kh6 Ra7 40. Re3+ Kb4 41. h4 $11) 35... Re3 36. h4 {
If White had known more about the future outcome of this game he might have
started thinking about his own safety with 36.a6.} (36. a6 Rxh3+ 37. Kg5 c4 38.
Rf1 c3 39. Rb1+ Kc4 40. Rc1 $11) 36... c4 37. Rf5 Rd3 38. a6 c3 39. a7 c2 40.
Bh6 Bc6 41. Bg5 Rd6 42. Re5 (42. Bc1 Rd1 43. Be3 Ra1 44. Rc5 Be8+ 45. Kg5 c6
46. h5 Rxa7 47. Rxc2 $11) 42... Ba8 43. Rc5 c6 44. Rf5 $2 {The unbalanced
character of the pawns on the board makes it complicated for both players to
find onjectively best solutions. Naiditsch will deliver two inaccurate moves
and it will push the scales in his opponent's favour.} (44. Be3 $1 Rd3 45. Bg5
$11) 44... Rd7 (44... Kb2 45. Rf3 Rd5 46. Rf5 Rd7 47. Kh6 (47. Ra5 Rd5 $1 48.
Rxd5 cxd5 49. Kh6 d4 50. h5 d3 51. Kxh7 Kc3 52. Bf6+ Kd2 53. Kh6 Ke2 54. Bb2 d2
$19) 47... Rxa7 48. h5 Rd7 49. Bf4 Rd4 $17) 45. Rf3+ $2 (45. Ra5 $1 Rd5 46.
Rxd5 cxd5 47. Bd2 d4 48. Kh6 d3 49. Kxh7 Kb2 50. g5 c1=Q 51. Bxc1+ Kxc1 52. g6
d2 53. g7 Be4+ 54. Kh6 d1=Q 55. g8=Q Qd6+ 56. Kg7 $11) 45... Ka2 $1 {White
might have easily missed this subtle step of the black king. The prepared
defence with 46.Bf6+ is no longer valid and he will be tricked out of his
a7-pawn.} (45... Kb2 $6 46. Bf6+ Ka2 47. Rc3 Kb1 48. Rb3+ Kc1 49. Bg5+ Kd1 50.
Kh6 (50. Ra3 c1=Q 51. Bxc1 Kxc1 52. Kh6 Kb2 53. Ra5 Kc3 54. h5 Kb4 55. Ra1 c5
$17) 50... c1=Q 51. Bxc1 Kxc1 52. h5 Kd2 53. g5 Rxa7 54. Rb8 c5 55. Rc8 Be4 56.
Rxc5 $11) 46. Rf2 Kb2 47. Be3 Re7 48. Bf4 (48. Bb6 c5 49. g5 Re6 50. Bc7 (50.
Bxc5 Kb3 51. Rf1 c1=Q 52. Rxc1 Bf3#) 50... Ra6 51. Bf4 Be4 52. Rf1 Rxa7 53. Kh6
Ra4 54. h5 Bd3 $19) 48... Rxa7 {White is technically only one pawn down, but
the c2 black trump makes all the difference.} 49. Rf1 (49. g5 Ra4 50. Be3 Re4
51. Bc5 Rc4 52. Be3 c5 53. g6 hxg6+ 54. Kxg6 Rg4+ 55. Kf6 Rxh4 56. Bxc5 Rf4+
57. Rxf4 c1=Q $19) 49... c5 50. Kh6 Be4 51. h5 Bd3 52. Rg1 c4 53. g5 c3 54.
Bc1+ {The defender is unable to benefit from his advanced pawn on the kingside
as Black can simply give up the piece to stop him.} (54. g6 hxg6 55. hxg6 Ra6
$1 56. Kh5 Rxg6 $19) 54... Kb3 55. Be3 Re7 56. Bc1 Re2 57. Kg7 Rd2 {The
position is already beyong all hope forWhite. Aronian decides for the charming
transfer of the rook to d1 with decisive effect. Great players can turn even
endgames with bishops of opposite colour into an exciting spectacle.} (57...
Rd2 58. g6 (58. Bxd2 cxd2 59. g6 d1=Q $19) 58... Rd1 59. Rg3 Rxc1 60. Rxd3 Rg1
$19) (57... Rh2 58. Rg3 Rh1 59. Bf4 Kc4 60. g6 Rxh5 61. Rg1 Bxg6 $19) 0-1

[Event "New York Hudson"]
[Site "New York"]
[Date "1993.??.??"]
[Round "9"]
[White "Hellers, Ferdinand"]
[Black "Sherzer, Alex"]
[Result "0-1"]
[WhiteElo "2565"]
[BlackElo "2465"]
[Annotator "Ftacnik,L"]
[PlyCount "104"]
[EventDate "1993.??.??"]
[EventType "tourn"]
[EventRounds "9"]
[EventCountry "USA"]
[EventCategory "13"]
[SourceTitle "CBM 035"]
[Source "ChessBase"]
[SourceDate "1993.08.01"]
[SourceVersion "1"]
[SourceVersionDate "1993.08.01"]
[SourceQuality "1"]

1. e4 e5 2. Nf3 Nc6 3. Bb5 Nf6 4. O-O Nxe4 5. d4 Nd6 6. Bxc6 dxc6 7. dxe5 Nf5
8. Qxd8+ Kxd8 9. Nc3 (9. Rd1+ Ke8 10. Nc3 h6 11. Ne2 a5 12. a4 $6 Ne7 13. h3
Nd5 14. Nfd4 $1 Bc5 15. b3 Ke7 16. c4 Nb4 17. Be3 b6 18. Rd2 Bd7 19. Rad1 Rad8
20. g4 $2 Bxd4 21. Bxd4 c5 22. Bc3 Bc6 $15 {Yermolinsky,A-Dautov,R/}) 9... Be6
$5 (9... h6) 10. Ng5 Be7 11. Nxe6+ fxe6 12. Ne4 Ke8 13. c3 $2 (13. Rd1 Rd8 (
13... Kf7 14. Bg5 Rad8 15. g4 $1 $14) 14. Rxd8+ Kxd8 15. Bg5 $1 Bxg5 16. Nxg5
Ke7 17. Rd1 c5 18. c3 $14) 13... Rd8 14. Bd2 Rd5 $1 15. f4 h5 16. g3 (16. Rae1
Kf7 17. Re2 Rhd8 18. Be1 c5 19. Bf2 $13) 16... Kf7 17. Rae1 Rhd8 18. Bc1 c5 19.
Kf2 c4 20. Ke2 Rd3 $1 21. Rf3 b5 22. Ref1 a5 23. h3 $2 (23. Bd2) 23... h4 $1
24. g4 Ng3+ 25. Nxg3 hxg3 26. Be3 (26. Rg1 Rxf3 27. Kxf3 Rd3+ 28. Ke2 Bc5 29.
Rg2 g6 30. Bd2 Bf2 31. a3 c5 32. h4 Kg7 $1 33. h5 (33. Bc1 b4 34. Bd2 bxa3 35.
bxa3 a4 $19) 33... gxh5 34. gxh5 Kh6 35. f5+ Kxh5 36. fxe6 Kg6 $19) 26... Bh4
$6 (26... g2 27. Rg1 b4 $17) 27. Rg1 (27. Rc1 $1 b4 (27... g2 28. Rg1 b4 29.
cxb4 axb4 30. Rxg2 Ra8 31. Bc5 $13) 28. cxb4 axb4 29. Rxc4 Rd1 30. Rxc7+ Kg8
31. Rc8 $1) 27... b4 $1 28. cxb4 axb4 29. Rff1 c3 30. bxc3 Rxc3 31. Rc1 Rdd3
32. Bd2 Rxc1 33. Rxc1 Ra3 34. Rxc7+ Kg8 35. Rc8+ Kh7 36. Bxb4 g2 $1 37. Rc1 (
37. Bc5 Rc3 $19) 37... Rxa2+ 38. Bd2 Be7 $1 39. Rg1 Bb4 40. Rxg2 Rxd2+ 41. Kf3
Rd3+ 42. Ke4 Rxh3 43. f5 (43. Rc2 Rg3 $1 44. Rc6 Rxg4 45. Rxe6 Bd2 $19) 43...
Rh1 44. fxe6 Kg6 45. Rc2 Rg1 46. Kf4 Be7 47. Rc7 Bg5+ 48. Kf3 Re1 49. Rc5 Re3+
50. Kf2 Ra3 51. Rd5 Ra6 52. Rd6 Ra5 0-1